00379nam a2200097Ia 4500008004100000100003400041245011000075260006300185650001400248999001900262160725s9999 xx 000 0 und d aGutierrez-Tangog, Marjorie S. aOrganizational commitment in relation to leadership behaviors and the achievement of institutional goals. bKaizen Research Journal College of EducationcJanuary 2014 aEDUCATION c298005d298005